000 00854nam a2200289 a 4500
001 26374
003 CO-ViMGA
008 141112s2004 ck r 000 u spa d
020 _a9788466646871
040 _aCO-ViMGA
_bspa
_cCO-ViMGA
041 _aspa
_beng
082 0 4 _a597.31 G31t
100 1 _aGibbons, Lynn
_93501
245 1 0 _aTiburones /
_cLynn Gibbons & Chris Coode
250 _a1a. ed.
260 _aBarcelona :
_bEdiciones B,
_cc2011
300 _a[16] p. : il. ; 28 cm.
490 0 _aãAventuras 3D!
490 0 _aAventuras 3D
500 _aAcompañado de : 1 gafas 3D
521 _aNiños de 5 años en adelante
598 _aNEW - GRAL
650 1 4 _aTiburones - Literatura juvenil
_93502
700 1 _aCoode, Chris
_93503
942 _2ddc
_cBK
990 _aEdiciones B Colombia S.A. 1 ejemplar (importado) 21 29/09/2011 n a779345
999 _c9917
_d9917